000 01121ngm a22003850a 4500
001 PT16680
003 AR-LpoUNG
005 20210202000222.0
007 vd cvaizq
008 191001s[199||||ag |||||||||||||||||spa d
037 _c$10
040 _aAR-LpoUNG
_bspa
_cAR-LpoUNG
_eaacr
041 _aspa
044 _aag
082 0 _a982.062 272v1
100 1 _aFavio, Leonardo
_edir.
245 1 0 _aPerón :
_bsinfonía del sentimiento
260 _as.l.
_bs.e.
_c[1999].
300 _aVHS (346 min.) : son., byn, col.
505 0 _aAño de realización 1999. No estrenada comercialmente
520 _aDocumental que propone una visión romántica del movimiento peronista y que está centrado, como el título indica, en la figura de Juan Domingo Perón.
650 4 _aARGENTINA
650 4 _aDEMOCRACIA
650 4 _aDESARROLLO POLITICO
650 4 _aDICTADURA
650 4 _aESTABILIDAD POLITICA
650 4 _aHISTORIA SOCIAL
650 4 _aSISTEMAS POLITICOS
653 _aCINE ARGENTINO
653 _aDOCUMENTALES
653 _aDVD
653 _aVIDEOS
905 _a16680
942 _cVIDEO
999 _c54372
_d54372